| 000 | 00518nam a22001937a 4500 | ||
|---|---|---|---|
| 003 | OSt | ||
| 005 | 20140310181803.0 | ||
| 008 | 130704t xxu||||| |||| 00| 0 eng d | ||
| 020 | _a0600354768 | ||
| 050 |
_aAG 195 _b.L578 1972 |
||
| 082 |
_aREF 793.73 _bL55 1980 |
||
| 245 |
_aLots more tell me why / _cby Arkady Leokum. |
||
| 260 |
_aLondon : _bHAMLYN, _cc1974. |
||
| 300 |
_a397 p. ; _b24 cm. ; _cill. some col. ; |
||
| 521 | _aBasic ed. students | ||
| 541 | _j1 | ||
| 562 | _e1 | ||
| 942 |
_2lcc _cBK-GR _kREF |
||
| 999 |
_c3700 _d3700 |
||